[Event "GER North-chT U16"]
[Site "Verden an der Aller"]
[Date "2008.09.14"]
[Round "6.3"]
[White "Lange, Robert"]
[Black "Kredig, Philipp"]
[Result "1-0"]
[WhiteElo "1187"]
[BlackElo "1195"]
[PlyCount "67"]
[EventDate "2008.09.12"]
[EventType "team-swiss"]
[EventRounds "6"]
[EventCountry "GER"]
[SourceTitle "EXT 2011"]
[Source "ChessBase"]
[SourceDate "2010.11.26"]
[SourceVersion "1"]
[SourceVersionDate "2010.11.26"]
[SourceQuality "1"]
[WhiteTeam "Malchow Schachinsel"]
[BlackTeam "Lehrte"]
[WhiteTeamCountry "GER"]
[BlackTeamCountry "GER"]

1. d4 f5 2. e3 g6 3. Bd3 Nf6 4. Nd2 b6 5. Ngf3 Bb7 6. 0-0 d6 7. Re1 Bh6 8. e4 Bxd2 9. Nxd2 Qd7 10. exf5 gxf5 11. Nf3 Rg8 12. Qe2 Rg7 13. Bb5 Nc6 14. c4 a6 15. Bxc6 Bxc6 16. d5 Bb7 17. Ng5 b5 18. Ne6 Rg6 19. b3 c6 20. Bb2 Ne4 21. f3 Ng5 22. Nxg5 0-0-0 23. f4 Re8 24. Rad1 h6 25. Ne6 Reg8 26. g3 Rg4 27. Qc2 bxc4 28. bxc4 Ba8 29. Qxf5 Qa7+ 30. Bd4 Qd7 31. Rb1 cxd5 32. cxd5 Rxf4 33. Rec1+ Bc6 34. Qxf4 1-0

[Event "GER North-chT U16"]
[Site "Verden an der Aller"]
[Date "2008.09.13"]
[Round "4.3"]
[White "Schlesier, Tim"]
[Black "Kredig, Philipp"]
[Result "0-1"]
[WhiteElo "1467"]
[BlackElo "1195"]
[PlyCount "150"]
[EventDate "2008.09.12"]
[EventType "team-swiss"]
[EventRounds "6"]
[EventCountry "GER"]
[SourceTitle "EXT 2011"]
[Source "ChessBase"]
[SourceDate "2010.11.26"]
[SourceVersion "1"]
[SourceVersionDate "2010.11.26"]
[SourceQuality "1"]
[WhiteTeam "Treptow"]
[BlackTeam "Lehrte"]
[WhiteTeamCountry "GER"]
[BlackTeamCountry "GER"]

1. e4 e5 2. Nf3 Nc6 3. Bb5 Nf6 4. 0-0 d6 5. Re1 Bg4 6. c3 a6 7. Ba4 d5 8. exd5 Qxd5 9. Bxc6+ bxc6 10. c4 Qd6 11. Nc3 Be7 12. b3 0-0 13. Ne4 Nxe4 14. Rxe4 Qg6 15. Rxe5 Bf6 16. Bb2 Bxe5 17. Bxe5 Rfe8 18. Bxc7 Re7 19. Bg3 Rae8 20. Qf1 Qf5 21. Nd4 Qf6 22. Nc2 Bf5 23. Ne3 Bg6 24. Rd1 Qb2 25. Bd6 Re6 26. Bc5 Qxa2 27. b4 Qb3 28. h3 Bd3 29. Qe1 Bxc4 30. Rb1 Qd3 31. Rc1 Bb5 32. Rc3 Qe4 33. Qd1 f5 34. Qb3 Kh8 35. d3 Qh4 36. Nxf5 Re1+ 37. Kh2 Qf4+ 38. Ng3 h5 39. d4 h4 40. Rf3 hxg3+ 41. Rxg3 Rf1 42. d5 Bc4 43. Qc3 Rg8 44. Bd4 Bxd5 45. Bxg7+ Kh7 46. Bf8 Rxf2 47. Qd3+ Qe4 48. Qxe4+ Bxe4 49. Rxg8 Kxg8 50. Bd6 Rxg2+ 51. Kh1 Rg6+ 52. Kh2 Rxd6 53. Kg3 Kg7 54. Kf4 Bg2 55. h4 Rd4+ 56. Kg5 Rxb4 57. h5 a5 58. h6+ Kh7 59. Kh5 a4 60. Kg5 a3 61. Kf5 Rh4 62. Kg5 Rxh6 63. Kf4 Rd6 64. Ke5 Rd1 65. Kf4 Re1 66. Kg3 Rf1 67. Kxg2 Rf8 68. Kg3 Kh6 69. Kg4 Kg6 70. Kg3 Rf5 71. Kg4 a2 72. Kg3 a1Q 73. Kg2 Qf1+ 74. Kg3 Rg5+ 75. Kh2 Qg2# 0-1